000 00439nam a2200157Ia 4500
001 24341
003 IN-NITTTR
005 20251114233312.0
008 251113s9999||||xx |||||||||||||| ||eng||
040 _beng
040 _cIN-NITTTR
041 _aeng
082 _a370.113 T226P
245 0 _aNational seminar on curriculum challenges in technician education 06-07 September, 1999 :
_b proceedings and recommendations /
942 _2ddc
_cBK
999 _c26970
_d26970